Statistiques concernant Quizlendrier de l'Avent #12 - Noël dans Harry Potter

Cliquez ici pour prendre le quiz!

Statistiques générales

  • Ce quiz a été pris 330 fois
  • Le résultat moyen est 11 sur 18

Statistiques - réponses

AnnéesIndicesRéponses% Correct
PremièreCadeau offert anonymement par Dumbledore à HarryCape d'invisibilité
95%
Jeu auquel Ron apprend à jouer à Harry pendant les vacances de NoëlJeu d'échecs version sorciers
93%
QuatrièmeEvènement organisé pour Noël à l'occasion du Tournoi des Trois SorciersBal
90%
Partenaire de Hermione au cours de celui-ciViktor Krum
85%
Pays dans lequel se rendent les parents Weasley pour fêter Noël avec leur fils CharlieRoumanie
82%
Il en tombe par magie dans la Grande Salle pendant la période des fêtes cette annéeNeige
80%
TroisièmeCadeau offert par Sirius Black à son filleulEclair de feu
78%
Personnage avec qui Ron et Harry s'offrent mutuellement des chaussettesDobby
73%
SixièmeElève de Gryffondor offrant à Ron une chaîne formant les mots "Ma Bien-Aimée"Lavande Brown
72%
Pays dans lequel se rendent les parents Weasley pour fêter Noël avec leur fils BillEgypte
65%
Couleur du pull reçu par Ron de la part de sa mère cette annéeViolet
64%
Il organise une réunion de son club au cours de la période de NoëlHorace Slugghorn
59%
Il offre à Harry un portefeuille des plus original qui a du mordant...Rubeus Hagrid
57%
CinquièmeAvec le parrain de Harry, il offre à ce dernier une série de livres pour apprendre à se défendre grâce à la magieRemus Lupin
54%
Boutique de laquelle provenait la boîte offerte par Fred et George à HarryFarces pour sorciers facétieux
32%
DeuxièmeCadeau généreusement offert par les Dursley à leur neveu...Cure-dents
14%
Cadeau offert ironiquement par Hermione à Harry et RonPlanning de devoirs
12%
Motif du pull reçu par Harry de la part de Mme WeasleyLion de Gryffondor
9%

Distribution des résultats

Percentile par nombre de réponses

% des personnes avec chaque résultat

Votre développement - résultats

Vous n’avez pas pris ce quiz